MARC

LEADER 00000nam0a2200000 4500
001 25528
005 20231030201020.0
010 |a 5791300360 
035 |a (RuTPU)RU\TPU\book\25764 
035 |a BOOK00025839 
090 |a 25528 
100 |a 20011209d2000 m y0rusy50 ca 
101 0 |a rus 
102 |a RU 
105 |a y j 001zy 
200 1 |a Стратегия социологического исследования  |f В. Я. Ядов, В. В. Семенова  |g Российская академия наук; Институт социологии 
210 |a Москва  |c Добросвет  |d 2000 
215 |a 596 с. 
320 |a Библиогр.: с. 567-596. 
451 1 |0 (RuTPU)RU\TPU\book\59950  |y 5-94628-100-3  |t Стратегия социологического исследования. Описание, объяснение, понимание социальной реальности  |o учебное пособие  |f В. А. Ядов, В. В. Семенова  |c М.  |n Академкнига  |n Добросвет  |d 2003  |p 596 с.  |a Ядов, В. А. 
451 1 |0 (RuTPU)RU\TPU\book\13322  |y 5791300360  |t Стратегия социологического исследования  |o Описание, объяснение, понимание социальной реальности  |f В. А. Ядов в сотруд. с В. В. Семеновой  |g Российская академия наук; Институт социологии  |c М.  |n Добросвет  |d 1999  |p 596 с.  |a Ядов, В. Я. 
517 1 |a Описание, объяснение, понимание социальной реальности 
610 1 |a социология 
610 1 |a социологические исследования 
610 1 |a методология 
610 1 |a теория 
610 1 |a социальные характеристики 
610 1 |a измерения 
610 1 |a сбор данных 
610 1 |a количественный анализ 
610 1 |a эмпирические данные 
610 1 |a качественный анализ 
610 1 |a учебные пособия 
686 |a С5вя73  |v LBC/SL-A  |2 rubbk 
700 1 |a Ядов  |b В. Я. 
701 1 |a Семенова  |b В. В. 
712 0 2 |a Российская академия наук (РАН)  |b Институт социологии (ИС)  |c (Москва)  |2 stltpush  |3 (RuTPU)RU\TPU\col\11828 
801 0 |a RU  |b 63413507  |c 20011209  |g PSBO 
801 2 |a RU  |b 63413507  |c 20130820  |g PSBO 
900 |a Социология общественного мнения 
942 |c BK